Obras III. Ensayos.
Salvato in:
| Autore principale: | |
|---|---|
| Altri autori: | |
| Natura: | Sconosciuto |
| Pubblicazione: |
México,D.F., México:
Fondo de Cultura Económica,
2013.
|
| Serie: | Tierra Firme.
|
| Soggetti: | |
| Tags: |
Aggiungi Tag
Nessun Tag, puoi essere il primo ad aggiungerne!!
|
MARC
| LEADER | 00000 a2200000 4500 | ||
|---|---|---|---|
| 003 | CL-VaPUC | ||
| 005 | 20230726105438.0 | ||
| 008 | 230714t2013 ||||| |||| 00| 0 eng d | ||
| 999 | |c 441191 |d 441189 | ||
| 020 | |a 9786071614056 (t.III) | ||
| 020 | |a 978-968-16-7991-0 (o.c) | ||
| 040 | |c Pontificia Universidad Católica de Valparaíso | ||
| 082 | 7 | |a Cu864 SAR 2013 |2 22 | |
| 100 | |a Sarduy, Severo |9 459839 |e autor | ||
| 245 | |a Obras III. |b Ensayos. | ||
| 260 | |a México,D.F., México: |b Fondo de Cultura Económica, |c 2013. | ||
| 300 | |a t.III, 487 páginas. | ||
| 490 | |a Tierra Firme. | ||
| 505 | |a t.III. Escrito sobre un cuerpo. Barroco. La simulación. Nueva inestabilidad. Otros ensayos. | ||
| 583 | |k GC |c 20230714 | ||
| 650 | |a Ensayos cubanos |9 315049 | ||
| 650 | |a Literatura cubana |y Siglo 20 |9 883779 | ||
| 700 | |a Celorio, Gonzalo |e prólogo |9 883745 | ||
| 942 | |2 ddc |c BK | ||
| 952 | |0 0 |1 0 |2 ddc |4 0 |6 CU_864_000000000000000_SAR_2013 |7 0 |8 A |9 590791 |a BIBEDU |b BIBEDU |c GEN |d 2023-07-10 |e 3 |g 19835.00 |i 5658013 |o Cu864 SAR 2013 |p 5658013 |r 2023-07-10 |t 1 |v 19835.00 |w 2023-07-10 |y BK |k LIT | ||